000 00403nam a22001577a 4500
003 MPLRDC
005 20220104195915.0
008 210129b ||||| |||| 00| 0 eng d
082 _aDISC
100 _a孟兆庆
245 _a孟老师的面食小点--1 DISC
_c
250 _a初版
260 _a台湾
_b大众国际书局股份有限公司
_c2014
650 _a点心制法
942 _cCDA
_oDISC
999 _c66412
_d66402